[Event "TUR-chT Clubs"]
[Site "Konya"]
[Date "2019.07.20"]
[Round "7.20"]
[White "Gulten, Erman"]
[Black "Celebi, Orhan"]
[Result "1-0"]
[WhiteElo "1791"]
[BlackElo "1886"]
[PlyCount "118"]
[EventDate "2019.07.16"]
[EventType "team-swiss"]
[EventRounds "9"]
[EventCountry "TUR"]
[SourceTitle "CBM 191 Extra"]
[Source "ChessBase"]
[SourceDate "2019.09.30"]
[SourceVersion "1"]
[SourceVersionDate "2019.09.30"]
[SourceQuality "1"]
[WhiteTeam "Mersin Zeka"]
[BlackTeam "Cedid"]
[WhiteTeamCountry "TUR"]
[BlackTeamCountry "TUR"]

1. d4 d5 2. c4 e6 3. Nf3 c5 4. cxd5 exd5 5. g3 Nc6 6. Bg2 Nf6 7. Nc3 cxd4 8. Nxd4 Be7 9. 0-0 0-0 10. Bg5 h6 11. Be3 Be6 12. Rc1 Qd7 13. Qa4 Bh3 14. Rfd1 Bxg2 15. Kxg2 Rfd8 16. a3 Ne5 17. Qxd7 Rxd7 18. Nf5 Bf8 19. Bd4 Re8 20. e3 b6 21. h3 g6 22. Nh4 Bg7 23. Nf3 Nxf3 24. Kxf3 Red8 25. Rd2 Ne4 26. Nxe4 dxe4+ 27. Kxe4 f5+ 28. Kf3 Bxd4 29. Rcd1 Rc7 30. Rxd4 Rxd4 31. Rxd4 Kf7 32. g4 fxg4+ 33. hxg4 Kf6 34. Rd6+ Kg7 35. b4 Kf7 36. Ke4 Kg7 37. f4 h5 38. gxh5 gxh5 39. f5 h4 40. Rg6+ Kf7 41. Rh6 Kg7 42. Rg6+ Kf7 43. Kf4 Rc1 44. Rh6 Rh1 45. Kg4 Re1 46. Kf3 Rf1+ 47. Ke4 Rh1 48. Ke5 h3 49. e4 h2 50. f6 a5 51. bxa5 bxa5 52. Rh7+ Kg8 53. Rh3 Kf7 54. Rh7+ Kg8 55. f7+ Kf8 56. Ke6 Rf1 57. Rxh2 Rxf7 58. Rh8+ Kg7 59. Rh7+ Kxh7 1-0

[Event "TUR-chT Clubs"]
[Site "Konya"]
[Date "2019.07.19"]
[Round "6.15"]
[White "Tezeren, Ahmet Bulent"]
[Black "Celebi, Orhan"]
[Result "1-0"]
[WhiteElo "1955"]
[BlackElo "1886"]
[PlyCount "85"]
[EventDate "2019.07.16"]
[EventType "team-swiss"]
[EventRounds "9"]
[EventCountry "TUR"]
[SourceTitle "CBM 191 Extra"]
[Source "ChessBase"]
[SourceDate "2019.09.30"]
[SourceVersion "1"]
[SourceVersionDate "2019.09.30"]
[SourceQuality "1"]
[WhiteTeam "Selcuklu Belediyesi"]
[BlackTeam "Cedid"]
[WhiteTeamCountry "TUR"]
[BlackTeamCountry "TUR"]

1. e4 e5 2. Nf3 Nc6 3. Bc4 Bc5 4. c3 Nf6 5. d4 exd4 6. e5 d5 7. exf6 dxc4 8. Qe2+ Be6 9. fxg7 Rg8 10. Ng5 Rxg7 11. Nxe6 fxe6 12. Qh5+ Kd7 13. Qxc5 Rxg2 14. cxd4 Qh4 15. Be3 Rxh2 16. Rxh2 Qxh2 17. Nd2 Qh1+ 18. Nf1 Qd5 19. 0-0-0 b6 20. Qxd5+ exd5 21. Ng3 Nb4 22. a3 Nd3+ 23. Kc2 Rf8 24. Rh1 Rf7 25. Rh2 c5 26. Ne2 Kc6 27. b4 cxb4 28. axb4 Nxb4+ 29. Kb1 Nd3 30. Nc3 Rd7 31. Rh4 Kb7 32. f4 a6 33. Na4 b5 34. Nc5+ Nxc5 35. dxc5 Re7 36. Bd4 Ka7 37. c6+ Kb8 38. Bb6 Re8 39. Rxh7 c3 40. Ra7 d4 41. c7+ Kc8 42. Ra8+ Kd7 43. Rd8+ 1-0

[Event "TUR-chT Clubs"]
[Site "Konya"]
[Date "2019.07.17"]
[Round "3.22"]
[White "Deva, Atilla"]
[Black "Celebi, Orhan"]
[Result "1-0"]
[WhiteElo "1595"]
[BlackElo "1886"]
[PlyCount "55"]
[EventDate "2019.07.16"]
[EventType "team-swiss"]
[EventRounds "9"]
[EventCountry "TUR"]
[SourceTitle "CBM 191 Extra"]
[Source "ChessBase"]
[SourceDate "2019.09.30"]
[SourceVersion "1"]
[SourceVersionDate "2019.09.30"]
[SourceQuality "1"]
[WhiteTeam "Dumlupinar Turk"]
[BlackTeam "Cedid"]
[WhiteTeamCountry "TUR"]
[BlackTeamCountry "TUR"]

1. d4 d5 2. Bf4 Nf6 3. e3 e6 4. c3 c5 5. Nd2 Nc6 6. Bd3 Bd6 7. Bg3 0-0 8. Ngf3 h6 9. Qe2 b6 10. e4 Nh5 11. e5 Nxg3 12. hxg3 Be7 13. 0-0-0 c4 14. Bc2 b5 15. Nf1 b4 16. Ne3 Qa5 17. Nxc4 dxc4 18. Qe4 f5 19. exf6 Rxf6 20. Qxc6 Rb8 21. Qe8+ Bf8 22. Ne5 bxc3 23. Bg6 cxb2+ 24. Kb1 Rxg6 25. Qf7+ Kh7 26. Qxg6+ Kg8 27. Qf7+ Kh8 28. Rxh6+ 1-0

[Event "TUR-chT2"]
[Site "Konya"]
[Date "2018.07.14"]
[Round "8.9"]
[White "Calisir, Bahadir"]
[Black "Celebi, Orhan"]
[Result "0-1"]
[WhiteElo "1573"]
[BlackElo "1877"]
[PlyCount "126"]
[EventDate "2018.07.10"]
[EventType "team-swiss"]
[EventRounds "9"]
[EventCountry "TUR"]
[SourceTitle "EXT 2019"]
[Source "ChessBase"]
[SourceDate "2018.10.10"]
[SourceVersion "1"]
[SourceVersionDate "2018.10.10"]
[SourceQuality "1"]
[WhiteTeam "Yalova Beyaz Fil"]
[BlackTeam "Siirt Cedid"]
[WhiteTeamCountry "TUR"]
[BlackTeamCountry "TUR"]

1. e4 e5 2. Nf3 Nc6 3. Bc4 Bc5 4. c3 Nf6 5. d3 d6 6. a4 a5 7. 0-0 0-0 8. Re1 Ng4 9. Be3 Nxe3 10. fxe3 Bg4 11. Nbd2 Kh8 12. d4 Bb6 13. h3 Bh5 14. Nf1 Bg6 15. Bd5 Qe7 16. Ng3 Nd8 17. Nf5 Bxf5 18. exf5 c6 19. Bb3 e4 20. Nd2 d5 21. c4 Bc7 22. Nf1 Qd7 23. cxd5 cxd5 24. Qh5 f6 25. Rac1 Nc6 26. Re2 Nb4 27. g4 Rac8 28. Rd1 b5 29. Ra1 h6 30. Rg2 bxa4 31. Bxa4 Qd6 32. g5 fxg5 33. Rxg5 Rf6 34. Be8 Nc2 35. Rc1 Nxe3 36. Nxe3 Qf4 37. Rc3 Qxg5+ 38. Qxg5 hxg5 39. Bd7 Rd8 40. Rxc7 Rf7 41. Rc5 Rfxd7 42. Rxa5 Rb7 43. Nxd5 Rxb2 44. f6 gxf6 45. Nxf6 Rc8 46. Rc5 Rxc5 47. dxc5 e3 48. c6 Rc2 49. Nd5 Rxc6 50. Nxe3 Kg7 51. Kf2 Kg6 52. Ng4 Ra6 53. Ne5+ Kf5 54. Nc4 Kf4 55. Nd2 Ra3 56. Nc4 Rxh3 57. Nd6 Rh2+ 58. Kg1 Rc2 59. Nb5 g4 60. Nd4 Rd2 61. Ne6+ Ke3 62. Ng5 Ra2 63. Kh1 Ra5 0-1

[Event "TUR-chT2"]
[Site "Konya"]
[Date "2018.07.13"]
[Round "6.2"]
[White "Duman, Aydin"]
[Black "Celebi, Orhan"]
[Result "0-1"]
[WhiteElo "2093"]
[BlackElo "1877"]
[PlyCount "108"]
[EventDate "2018.07.10"]
[EventType "team-swiss"]
[EventRounds "9"]
[EventCountry "TUR"]
[SourceTitle "EXT 2019"]
[Source "ChessBase"]
[SourceDate "2018.10.10"]
[SourceVersion "1"]
[SourceVersionDate "2018.10.10"]
[SourceQuality "1"]
[WhiteTeam "Adana Ceyhan Belediye"]
[BlackTeam "Siirt Cedid"]
[WhiteTeamCountry "TUR"]
[BlackTeamCountry "TUR"]

1. e4 e5 2. Nf3 Nc6 3. Bc4 Bc5 4. c3 Nf6 5. d3 0-0 6. Bb3 d6 7. h3 Qe7 8. Bg5 Bb6 9. Nbd2 a5 10. Nc4 Ba7 11. Ne3 Bxe3 12. fxe3 Be6 13. 0-0 Bxb3 14. axb3 Qe6 15. Nh4 Nd7 16. Nf5 f6 17. Bh6 Rf7 18. b4 Kh8 19. Bxg7+ Rxg7 20. Nxg7 Kxg7 21. bxa5 Nf8 22. b4 Ng6 23. Qh5 d5 24. exd5 Qxd5 25. Qf3 Qd6 26. Qe4 Nge7 27. Qg4+ Kh8 28. Qh4 Kg7 29. Rf3 Ng6 30. Qe4 Qe6 31. Raf1 Rf8 32. h4 Nge7 33. h5 f5 34. Qh4 Qf6 35. Rg3+ Kh8 36. Qc4 Qf7 37. Qb5 Rb8 38. h6 Qe6 39. d4 exd4 40. exd4 Qxh6 41. Re1 Qd6 42. Rge3 f4 43. Re6 Qd5 44. Qd3 Rg8 45. R1e4 Rg3 46. Qd2 f3 47. Qh6 Rxg2+ 48. Kh1 Ng8 49. Qh3 Qg5 50. Re1 Rg3 51. Qh2 f2 52. Qxf2 Rh3+ 53. Qh2 Rxh2+ 54. Kxh2 Qd2+ 0-1

[Event "TUR-chT2"]
[Site "Konya"]
[Date "2018.07.12"]
[Round "4.3"]
[White "Kilic, Ihsan"]
[Black "Celebi, Orhan"]
[Result "1-0"]
[WhiteElo "1959"]
[BlackElo "1877"]
[PlyCount "81"]
[EventDate "2018.07.10"]
[EventType "team-swiss"]
[EventRounds "9"]
[EventCountry "TUR"]
[SourceTitle "EXT 2019"]
[Source "ChessBase"]
[SourceDate "2018.10.10"]
[SourceVersion "1"]
[SourceVersionDate "2018.10.10"]
[SourceQuality "1"]
[WhiteTeam "Ceylanpinar Belediyesi"]
[BlackTeam "Siirt Cedid"]
[WhiteTeamCountry "TUR"]
[BlackTeamCountry "TUR"]

1. Nf3 Nf6 2. g3 d5 3. Bg2 Nbd7 4. d4 Ne4 5. 0-0 Ndf6 6. Ne5 e6 7. f3 Nd6 8. b3 Be7 9. c4 0-0 10. c5 Nde8 11. Nc3 c6 12. b4 Nd7 13. f4 f5 14. Rb1 a6 15. a4 Nef6 16. b5 axb5 17. axb5 Nxe5 18. fxe5 Ne4 19. Nxe4 dxe4 20. e3 Bd7 21. b6 Be8 22. Qc2 Bh5 23. Rf2 Ra5 24. Bd2 Ra3 25. Bf1 Bg5 26. Re1 Qa8 27. Bc4 Re8 28. Rxf5 h6 29. h4 Bg6 30. Rff1 Bd8 31. Bc1 Ra4 32. Qb3 Bf7 33. Rf4 g5 34. Rxf7 Kxf7 35. Rf1+ Kg7 36. Bxe6 Ra1 37. Bf7 Re7 38. e6 Qa2 39. Qd1 Qc4 40. d5 Ra2 41. Qh5 1-0

[Event "TUR Cup										"]
[Site "Antalya"]
[Date "2018.02.03"]
[Round "11"]
[White "Ocakacan, Deniz"]
[Black "Celebi, Orhan"]
[Result "0-1"]
[WhiteElo "1666"]
[BlackElo "1912"]
[PlyCount "72"]
[EventDate "2018.01.27"]
[EventType "swiss"]
[EventRounds "11"]
[EventCountry "TUR"]
[SourceTitle "CBM 182 Extra"]
[Source "ChessBase"]
[SourceDate "2018.02.23"]
[SourceVersion "1"]
[SourceVersionDate "2018.02.23"]
[SourceQuality "1"]

1. e4 e5 2. Nf3 Nc6 3. Bb5 Nf6 4. d3 Bc5 5. c3 d6 6. 0-0 0-0 7. h3 Bd7 8. d4 Bb6 9. Re1 Re8 10. Bg5 h6 11. Bh4 g5 12. Nxg5 hxg5 13. Bxg5 exd4 14. Qf3 Kg7 15. Qd1 Re5 16. f4 Rxb5 17. c4 Rxg5 18. fxg5 Ng8 19. h4 Qe7 20. Nd2 Ne5 21. Rf1 d3+ 22. Kh1 Bg4 23. Qe1 Be2 24. Rf5 Ba5 25. a3 Bxd2 26. Qxd2 Nxc4 27. Qc3+ Ne5 28. Re1 Rf8 29. Rxe2 dxe2 30. h5 f6 31. h6+ Kh7 32. Qg3 fxg5 33. Rxg5 Qxg5 34. Qxg5 e1Q+ 35. Kh2 Nxh6 36. Qxh6+ Kxh6 0-1

[Event "TUR Cup										"]
[Site "Antalya"]
[Date "2018.02.01"]
[Round "8"]
[White "Bolukdemir, Mert"]
[Black "Celebi, Orhan"]
[Result "0-1"]
[WhiteElo "1589"]
[BlackElo "1912"]
[PlyCount "94"]
[EventDate "2018.01.27"]
[EventType "swiss"]
[EventRounds "11"]
[EventCountry "TUR"]
[SourceTitle "CBM 182 Extra"]
[Source "ChessBase"]
[SourceDate "2018.02.23"]
[SourceVersion "1"]
[SourceVersionDate "2018.02.23"]
[SourceQuality "1"]

1. e4 e5 2. Nf3 Nc6 3. d4 exd4 4. Bc4 Nf6 5. e5 d5 6. Bb5 Ne4 7. Nxd4 Bd7 8. Nf3 Be6 9. 0-0 Bc5 10. Nbd2 0-0 11. Nxe4 dxe4 12. Ng5 Qxd1 13. Rxd1 Nxe5 14. Nxe4 Bb6 15. h3 Bf5 16. Bf4 Ng6 17. Ng3 Bxc2 18. Rdc1 Nxf4 19. Rxc2 Rad8 20. b4 Rd4 21. Rb1 c6 22. Nf5 cxb5 23. Nxd4 Bxd4 24. Rd1 Bb6 25. Rd7 g6 26. Kh2 h5 27. g3 Ne6 28. Kg2 Re8 29. h4 Nd4 30. Rd2 Nc6 31. Rxb7 Nxb4 32. Rdd7 Rf8 33. a3 Na6 34. Rd5 b4 35. axb4 Nxb4 36. Rdd7 Nc6 37. f3 Na5 38. Rxa7 Bxa7 39. Rxa7 Nc4 40. Ra4 Rc8 41. g4 hxg4 42. fxg4 Ne3+ 43. Kf3 Rc3 44. Ra7 Nd5+ 45. Ke4 Nf6+ 46. Kf4 Rc4+ 47. Kg3 Kg7 0-1

[Event "TUR Cup										"]
[Site "Antalya"]
[Date "2018.01.31"]
[Round "7"]
[White "Celebi, Orhan"]
[Black "Bozkurt, Serkan"]
[Result "0-1"]
[WhiteElo "1912"]
[BlackElo "1593"]
[PlyCount "166"]
[EventDate "2018.01.27"]
[EventType "swiss"]
[EventRounds "11"]
[EventCountry "TUR"]
[SourceTitle "CBM 182 Extra"]
[Source "ChessBase"]
[SourceDate "2018.02.23"]
[SourceVersion "1"]
[SourceVersionDate "2018.02.23"]
[SourceQuality "1"]

1. e4 e6 2. d4 d5 3. exd5 exd5 4. Nf3 Nf6 5. c3 Bd6 6. Bd3 0-0 7. 0-0 Bg4 8. Bg5 Nbd7 9. Nbd2 c6 10. Qc2 Qc7 11. h3 Bh5 12. Nh4 Rfe8 13. Rae1 Bf4 14. Bxf4 Qxf4 15. g3 Qc7 16. g4 Bg6 17. Nxg6 hxg6 18. Kg2 c5 19. Nf3 c4 20. Be2 Ne4 21. Nd2 Ndf6 22. Bf3 Qf4 23. Re3 Re6 24. Rfe1 Ng5 25. Rxe6 Nxe6 26. b3 Qc7 27. bxc4 Nf4+ 28. Kh1 Nxh3 29. Nf1 Qf4 30. Nh2 Nxg4 31. Bxg4 Nxf2+ 32. Kg1 Nxg4 33. Qg2 Qxh2+ 34. Qxh2 Nxh2 35. Kxh2 dxc4 36. Re7 b5 37. Kg3 Rc8 38. Rb7 a6 39. Kf4 Kf8 40. a3 Re8 41. Ra7 Re6 42. Rc7 Ke8 43. d5 Re1 44. Ra7 g5+ 45. Kf3 g4+ 46. Kxg4 Rd1 47. Rxa6 Rxd5 48. Ra5 Rd3 49. Rxb5 Rxc3 50. a4 Ra3 51. Rb4 c3 52. Rc4 c2 53. Kf5 Rxa4 54. Rxc2 Ra5+ 55. Kf4 f6 56. Rc7 Kf8 57. Kg4 Re5 58. Kh4 Re7 59. Rc8+ Kf7 60. Kh5 Re5+ 61. Kg4 Kg6 62. Rg8 Re4+ 63. Kf3 Ra4 64. Kg3 Kh6 65. Rf8 Kg5 66. Rb8 Ra3+ 67. Kg2 f5 68. Rb4 f4 69. Rb2 Kg4 70. Rc2 g5 71. Kh2 Re3 72. Rb2 Rh3+ 73. Kg1 Kg3 74. Rg2+ Kh4 75. Ra2 f3 76. Ra4+ Kg3 77. Ra3 Rh7 78. Rb3 Ra7 79. Rb1 Ra2 80. Rf1 g4 81. Kh1 Kh3 82. Kg1 Rb2 83. Kh1 g3 0-1

[Event "TUR-chT2"]
[Site "Konya"]
[Date "2017.07.14"]
[Round "8.13"]
[White "Gozubuyukoglu, Selami"]
[Black "Celebi, Orhan"]
[Result "0-1"]
[WhiteElo "1847"]
[BlackElo "1900"]
[PlyCount "82"]
[EventDate "2017.07.09"]
[EventType "team-swiss"]
[EventRounds "9"]
[EventCountry "TUR"]
[SourceTitle "CBM 179 Extra"]
[Source "ChessBase"]
[SourceDate "2017.08.23"]
[SourceVersion "1"]
[SourceVersionDate "2017.08.23"]
[SourceQuality "1"]
[WhiteTeam "Artvin Il Ozel"]
[BlackTeam "Genclik Siirt"]
[WhiteTeamCountry "TUR"]
[BlackTeamCountry "TUR"]

1. d4 d5 2. c4 e6 3. Nf3 Nf6 4. g3 c5 5. cxd5 exd5 6. Bg2 Nc6 7. 0-0 cxd4 8. Nxd4 Bc5 9. Nxc6 bxc6 10. Qc2 Qb6 11. Nc3 Be7 12. b3 0-0 13. Bb2 Ba6 14. Rfd1 Rfd8 15. e3 Rac8 16. Rac1 h6 17. Na4 Qb4 18. Nc5 Bxc5 19. Qxc5 Qxc5 20. Rxc5 Bb7 21. Bxf6 gxf6 22. Rd4 Rd6 23. e4 Rcd8 24. exd5 cxd5 25. a4 Re8 26. b4 Re1+ 27. Bf1 Bc6 28. Kg2 Bxa4 29. b5 Bd1 30. Rc8+ Kg7 31. Rf4 d4 32. f3 f5 33. Bd3 Re3 34. Bxf5 d3 35. Rc6 Rd8 36. Rc7 d2 37. Bg4 Bb3 38. Bh5 d1Q 39. Bxf7 Rd7 40. Bxb3 Qd2+ 41. Kh3 Rxc7 0-1

[Event "TUR-chT2"]
[Site "Konya"]
[Date "2017.07.12"]
[Round "5.2"]
[White "Celebi, Orhan"]
[Black "Angun, Batu"]
[Result "0-1"]
[WhiteElo "1900"]
[BlackElo "2037"]
[PlyCount "74"]
[EventDate "2017.07.09"]
[EventType "team-swiss"]
[EventRounds "9"]
[EventCountry "TUR"]
[SourceTitle "CBM 179 Extra"]
[Source "ChessBase"]
[SourceDate "2017.08.23"]
[SourceVersion "1"]
[SourceVersionDate "2017.08.23"]
[SourceQuality "1"]
[WhiteTeam "Genclik Siirt"]
[BlackTeam "Pendik Dernegi"]
[WhiteTeamCountry "TUR"]
[BlackTeamCountry "TUR"]

1. e4 c5 2. c3 Nf6 3. e5 Nd5 4. d4 cxd4 5. Nf3 d6 6. cxd4 Nc6 7. Bc4 Nb6 8. Bb5 dxe5 9. Nxe5 Bd7 10. Nc3 Nxe5 11. dxe5 Bxb5 12. Nxb5 Qxd1+ 13. Kxd1 0-0-0+ 14. Ke2 Rd5 15. a4 Rxe5+ 16. Be3 e6 17. Rac1+ Kb8 18. Kf3 Rf5+ 19. Kg3 Bb4 20. Bxb6 axb6 21. Rhd1 Bc5 22. f3 Rc8 23. h4 g5 24. Kh3 h6 25. Rd3 Rf4 26. hxg5 hxg5 27. Ra1 Rh4+ 28. Kg3 f5 29. f4 Rg4+ 30. Kf3 Rxf4+ 31. Ke2 Rf2+ 32. Ke1 Rxg2 33. Rad1 Rxb2 34. Rd7 Rh2 35. R1d3 Ra2 36. Rg7 Be3 37. Nc3 Rxc3 0-1

[Event "TUR Cup"]
[Site "Antalya"]
[Date "2017.02.03"]
[Round "10"]
[White "Yazici, Ugur Doga"]
[Black "Celebi, Orhan"]
[Result "1-0"]
[WhiteElo "2094"]
[BlackElo "1827"]
[PlyCount "119"]
[EventDate "2017.01.28"]
[EventType "swiss"]
[EventRounds "11"]
[EventCountry "TUR"]
[SourceTitle "CBM 176 Extra"]
[Source "ChessBase"]
[SourceDate "2017.03.02"]
[SourceVersion "1"]
[SourceVersionDate "2017.03.02"]
[SourceQuality "1"]

1. e4 e5 2. Nf3 Nc6 3. Nc3 Nf6 4. Bb5 d6 5. d4 exd4 6. Nxd4 Bd7 7. 0-0 Be7 8. Bxc6 bxc6 9. Qf3 c5 10. Nf5 Bxf5 11. Qxf5 0-0 12. Re1 Re8 13. Bg5 h6 14. Bh4 Rb8 15. b3 Nd7 16. Bxe7 Rxe7 17. Rad1 Re5 18. Qh3 Rb4 19. f4 Re6 20. Qf3 Nf6 21. e5 Qe8 22. Qf2 dxe5 23. Qxc5 Rxf4 24. Qxc7 Rd4 25. Ne2 Rc6 26. Qa5 Rxd1 27. Rxd1 Qe6 28. c4 Kh7 29. Nc3 a6 30. Qd8 e4 31. Qd4 Qg4 32. Re1 Re6 33. c5 Qg5 34. b4 e3 35. Re2 Ng4 36. Nd5 Qf5 37. Nc3 g6 38. h3 Qf2+ 39. Rxf2 exf2+ 40. Qxf2 Nxf2 41. Kxf2 Kg7 42. Nd5 f5 43. a4 Kf7 44. b5 axb5 45. axb5 Re5 46. b6 Rxd5 47. b7 Rd2+ 48. Ke3 Rb2 49. c6 Kf6 50. c7 Rxb7 51. c8Q Re7+ 52. Kf3 h5 53. Qf8+ Rf7 54. Qd6+ Kg7 55. Kf4 Kh6 56. h4 Ra7 57. Qf8+ Rg7 58. Ke5 Kh7 59. Kf6 Ra7 60. Qe8 1-0

[Event "TUR Cup"]
[Site "Antalya"]
[Date "2017.02.02"]
[Round "9"]
[White "Oguz, Huseyin"]
[Black "Celebi, Orhan"]
[Result "0-1"]
[WhiteElo "1725"]
[BlackElo "1827"]
[PlyCount "92"]
[EventDate "2017.01.28"]
[EventType "swiss"]
[EventRounds "11"]
[EventCountry "TUR"]
[SourceTitle "CBM 176 Extra"]
[Source "ChessBase"]
[SourceDate "2017.03.02"]
[SourceVersion "1"]
[SourceVersionDate "2017.03.02"]
[SourceQuality "1"]

1. d4 d5 2. c4 e6 3. Nc3 Nf6 4. Bg5 c6 5. e3 Nbd7 6. Nf3 Qa5 7. Nd2 dxc4 8. Bxf6 Nxf6 9. Nxc4 Qg5 10. g3 h5 11. h4 Qh6 12. Bg2 Bd7 13. Rc1 g5 14. a3 Be7 15. b4 gxh4 16. Rxh4 Nd5 17. Rh1 h4 18. Ne5 Nxe3 19. fxe3 Qxe3+ 20. Ne2 Qxa3 21. b5 Qa5+ 22. Nc3 cxb5 23. Qf3 Rc8 24. Qxf7+ Kd8 25. Qf3 Rf8 26. Qxb7 Rc7 27. Qb8+ Rc8 28. Qb7 Qc7 29. Nxd7 Qxg3+ 30. Kd1 Rf2 31. Qxc8+ Kxc8 32. Ne4+ Kxd7 33. Nxg3 Rxg2 34. Ne2 a5 35. Rg1 b4 36. Ra1 Bd8 37. Kd2 Kc6 38. Kd3 Kb5 39. Nf4 Rg3+ 40. Ke2 Bg5 41. Nh3 Bf6 42. Rad1 a4 43. Nf4 a3 44. Nh5 Rg6 45. Nxf6 Rxf6 46. Rh1 b3 0-1

[Event "TUR Cup"]
[Site "Antalya"]
[Date "2017.02.01"]
[Round "7"]
[White "Celebi, Orhan"]
[Black "Yasin, Hur"]
[Result "0-1"]
[WhiteElo "1827"]
[BlackElo "2087"]
[PlyCount "106"]
[EventDate "2017.01.28"]
[EventType "swiss"]
[EventRounds "11"]
[EventCountry "TUR"]
[SourceTitle "CBM 176 Extra"]
[Source "ChessBase"]
[SourceDate "2017.03.02"]
[SourceVersion "1"]
[SourceVersionDate "2017.03.02"]
[SourceQuality "1"]

1. e4 e6 2. d4 d5 3. Nd2 Be7 4. Bd3 c5 5. c3 Nc6 6. Ne2 cxd4 7. Nxd4 Nxd4 8. cxd4 dxe4 9. Nxe4 Nf6 10. 0-0 Bd7 11. Be3 Bc6 12. Nxf6+ Bxf6 13. Qg4 h5 14. Qd1 Qd5 15. f3 Bxd4 16. Qe2 0-0-0 17. Rfd1 Bxe3+ 18. Qxe3 Qd4 19. Qxd4 Rxd4 20. Kf2 Rhd8 21. Ke3 Kb8 22. Bc2 Rxd1 23. Rxd1 Rxd1 24. Bxd1 Kc7 25. Kf4 f6 26. Bc2 Be8 27. h4 Kd6 28. Be4 b6 29. Bc2 Kc5 30. Ke3 a5 31. Be4 Bf7 32. Bc2 e5 33. a3 Kc4 34. g3 Be6 35. Ke4 g6 36. Ke3 f5 37. Bd1 Kd5 38. Ba4 Kc4 39. Be8 Kb3 40. Bxg6 Kxb2 41. Bxh5 Kxa3 42. Bg6 a4 43. h5 Kb2 44. h6 Bg8 45. h7 Bxh7 46. Bxh7 b5 47. Bxf5 b4 48. g4 a3 49. Be6 b3 50. g5 a2 51. Ke4 a1Q 52. Kxe5 Kc1+ 53. Kf4 Qd4+ 0-1

[Event "TUR Cup"]
[Site "Antalya"]
[Date "2017.01.31"]
[Round "5"]
[White "Celebi, Orhan"]
[Black "Sahin, Doga Boran"]
[Result "1/2-1/2"]
[WhiteElo "1827"]
[BlackElo "2104"]
[PlyCount "130"]
[EventDate "2017.01.28"]
[EventType "swiss"]
[EventRounds "11"]
[EventCountry "TUR"]
[SourceTitle "CBM 176 Extra"]
[Source "ChessBase"]
[SourceDate "2017.03.02"]
[SourceVersion "1"]
[SourceVersionDate "2017.03.02"]
[SourceQuality "1"]

1. e4 e6 2. d4 d5 3. Nd2 a6 4. Bd3 c5 5. c3 Nc6 6. Ne2 cxd4 7. cxd4 dxe4 8. Nxe4 Be7 9. 0-0 Nf6 10. Be3 0-0 11. Rc1 Nb4 12. Bb1 Nbd5 13. Qd3 Bd7 14. N2c3 g6 15. Bh6 Re8 16. Rfd1 Bc6 17. Qf3 Nxe4 18. Bxe4 Bg5 19. Bxg5 Qxg5 20. Bxd5 exd5 21. h3 Re6 22. Qg3 Qf6 23. a4 Qe7 24. Qf3 Re8 25. Rb1 Qd6 26. b4 Rf6 27. Qd3 Bd7 28. Qd2 Rc8 29. b5 Rc4 30. bxa6 bxa6 31. a5 Kg7 32. Rb6 Bc6 33. Ne2 Qa3 34. Rxa6 Qa4 35. Rc1 Re6 36. Rb6 Rxe2 37. Rxc4 Qxc4 38. Qf4 Re1+ 39. Kh2 Qc1 40. Qxc1 Rxc1 41. a6 Kf6 42. a7 Kf5 43. Rxc6 Ra1 44. Rc7 Ke4 45. Rxf7 Kxd4 46. Rxh7 Kd3 47. Kg3 d4 48. f4 Ke3 49. Re7+ Kd2 50. Kg4 d3 51. Kg5 Ra6 52. g4 Kd1 53. a8Q Rxa8 54. Rd7 d2 55. Kxg6 Ke2 56. f5 Ra3 57. Rxd2+ Kxd2 58. h4 Ke3 59. g5 Kf4 60. f6 Kg4 61. f7 Ra8 62. Kh7 Kh5 63. Kg7 Kxh4 64. Kh6 Rh8+ 65. Kg7 Ra8 1/2-1/2

[Event "Manavgat Turkey Cup"]
[Site "Manavgat"]
[Date "2016.02.04"]
[Round "8"]
[White "Yaran, Siar"]
[Black "Celebi, Orhan"]
[Result "0-1"]
[WhiteElo "2195"]
[BlackElo "1845"]
[PlyCount "112"]
[EventDate "2016.01.30"]
[EventType "swiss"]
[EventRounds "11"]
[EventCountry "TUR"]
[SourceTitle "CBM 170 Extra"]
[Source "ChessBase"]
[SourceDate "2016.02.25"]
[SourceVersion "1"]
[SourceVersionDate "2016.02.25"]
[SourceQuality "1"]

1. e4 e5 2. f4 exf4 3. Nf3 d5 4. exd5 Qxd5 5. Nc3 Qe6+ 6. Kf2 Nf6 7. Bb5+ Kd8 8. Re1 Qb6+ 9. d4 Bd6 10. Ng5 Rf8 11. Qd3 Nc6 12. Bxc6 bxc6 13. Qc4 h6 14. Na4 Qb4 15. Qxb4 Bxb4 16. c3 Bd6 17. Nf3 Re8 18. Nc5 g5 19. Bd2 Bxc5 20. dxc5 Ne4+ 21. Kg1 Nxc5 22. Ne5 Be6 23. b3 Ke7 24. c4 f6 25. Bb4 fxe5 26. Rxe5 Kf6 27. Rxc5 Bd7 28. Rd1 Re7 29. h4 Rf7 30. Bc3+ Kg6 31. hxg5 hxg5 32. Re1 Rf5 33. Rxf5 Bxf5 34. Re7 Rd8 35. Rg7+ Kh6 36. Rxc7 Rd1+ 37. Kf2 Be4 38. Re7 Bb1 39. Rxa7 Rc1 40. Be5 Be4 41. g4 Rc2+ 42. Kf1 Bf3 43. Bf6 Bxg4 44. Ra5 Bh3+ 45. Ke1 Rg2 46. a4 f3 47. Bxg5+ Rxg5 48. Rxg5 Kxg5 49. Kf2 Kf4 50. b4 Be6 51. c5 Bb3 52. b5 cxb5 53. axb5 Ba4 54. c6 Bxb5 55. c7 Ba6 56. Kg1 Ke5 0-1

[Event "Manavgat Turkey Cup"]
[Site "Manavgat"]
[Date "2016.02.02"]
[Round "6"]
[White "Alagoz, Mahmut"]
[Black "Celebi, Orhan"]
[Result "0-1"]
[WhiteElo "1768"]
[BlackElo "1845"]
[PlyCount "38"]
[EventDate "2016.01.30"]
[EventType "swiss"]
[EventRounds "11"]
[EventCountry "TUR"]
[SourceTitle "CBM 170 Extra"]
[Source "ChessBase"]
[SourceDate "2016.02.25"]
[SourceVersion "1"]
[SourceVersionDate "2016.02.25"]
[SourceQuality "1"]

1. d4 d5 2. c4 e6 3. Nc3 Nf6 4. Nf3 Nbd7 5. Bg5 Bb4 6. e3 c5 7. Qb3 Qa5 8. Bxf6 Nxf6 9. Nd2 0-0 10. Bd3 b5 11. cxb5 c4 12. Nxc4 dxc4 13. Bxc4 Ne4 14. Rc1 Bb7 15. f3 Nd6 16. a3 Bxc3+ 17. Qxc3 Nxc4 18. Qxa5 Nxa5 19. b4 Rac8 0-1

[Event "Manavgat Turkey Cup"]
[Site "Manavgat"]
[Date "2016.02.01"]
[Round "4"]
[White "Mangal, Ali"]
[Black "Celebi, Orhan"]
[Result "1/2-1/2"]
[WhiteElo "1718"]
[BlackElo "1845"]
[PlyCount "103"]
[EventDate "2016.01.30"]
[EventType "swiss"]
[EventRounds "11"]
[EventCountry "TUR"]
[SourceTitle "CBM 170 Extra"]
[Source "ChessBase"]
[SourceDate "2016.02.25"]
[SourceVersion "1"]
[SourceVersionDate "2016.02.25"]
[SourceQuality "1"]

1. d4 d5 2. Bf4 Nf6 3. e3 e6 4. Nf3 Bd6 5. Bxd6 Qxd6 6. c4 dxc4 7. Nc3 Qb4 8. Qc2 b5 9. a3 Qa5 10. Be2 Bb7 11. 0-0 Qb6 12. b3 cxb3 13. Qxb3 c6 14. a4 a6 15. Ne5 0-0 16. Bf3 Nbd7 17. Nxd7 Nxd7 18. Rfc1 Nf6 19. Rab1 Nd5 20. Ne4 Rfd8 21. Nc5 Rab8 22. Be4 Bc8 23. Rb2 b4 24. Bb1 a5 25. Qd3 g6 26. h4 Qc7 27. h5 Nc3 28. hxg6 hxg6 29. Qc4 Ra8 30. Bd3 Qe7 31. g3 Kg7 32. Kg2 Qd6 33. Ne4 Nxe4 34. Bxe4 Bb7 35. Rh1 Rac8 36. Rbb1 Qc7 37. f3 c5 38. Bxb7 Qxb7 39. Qd3 cxd4 40. e4 Qc6 41. Rb2 Qc3 42. Qb1 d3 43. Rd1 Qxb2+ 44. Qxb2+ Rc3 45. Rd2 Kg8 46. Kf2 Rdc8 47. Ke3 Rc2 48. Qb1 Rc1 49. Qb2 R8c3 50. Rxd3 R1c2 51. Qb1 Rc1 52. Qb2 1/2-1/2